| 000 | 00687nam a2200217 i 4500 | ||
|---|---|---|---|
| 001 | 87797 | ||
| 003 | ES-MaACL | ||
| 005 | 20240424063046.0 | ||
| 007 | t| | ||
| 008 | 041223s1983 sp ||||1| spa d | ||
| 020 | _a84-7517-094-3 | ||
| 100 | 1 |
_aLabordeta, Miguel, _d1921-1969 _969255 |
|
| 245 | 1 | 0 |
_aMetalírica / _cMiguel Labordeta ; selección y prólogo de Antonio Fernández Molina. |
| 260 |
_aMadrid : _bHiperión, _c[1983] |
||
| 300 |
_a218 p. ; _c20 cm. |
||
| 490 | 1 |
_aPoesía Hiperión ; _v53 |
|
| 700 | 1 |
_aFernández Molina, Antonio. _949932 |
|
| 830 | 0 |
_aPoesía Hiperión ; _v53 _9177326 |
|
| 852 |
_aES-MaACL _jL-10686 _bR.111355 |
||
| 999 |
_c87797 _d87797 |
||